• 首页
  • 本馆介绍
  • 公告通知
  • 最新文献
  • 馆藏检索
  • 电子资源
  • 读者导购
  • 参考咨询
  • 我的图书馆
  • 登录
  • 详细信息显示
  • 放入我的书架
  • 预约/预借图书
  • 作者相关作品
  • 分类相关作品
  • 丛书相关作品
  • 出版社相关作品

书目信息

  • 表格格式
  • 工作单格式
  • 卡片格式
题名:
中国民间服饰艺术
    
 
作者: 安毓英 , 杨林 编著 ;安康 插图
分册:  
出版信息: 北京   中国轻工业出版社  2005
页数: 160页
开本: 26cm
丛书名: 现代服装基础理论、技术丛书
单 册:
中图分类: TS941.12
科图分类:
主题词: 服饰--研究--中国
电子资源:
ISBN: 7-5019-4632-9
000 01296nam0 2200361 450
000 01259nam0 2200349 450
000 01258nam0 2200361 450
000 01204nam0 2200337 450
000 01222nam0 2200325 450
000 01185nam0 2200313 45
001 TS2006030412
005 20061216171405.23
010    @a7-5019-4632-9@dCNY32.00
100    @a20060829d2005 em y0chiy0110 ea
101 0  @achi
102    @aCN@b110000
105    @aa z 000yy
200 1  @a中国民间服饰艺术@AZhong Guo Min Jian Fu Shi Yi Shu@f安毓英,杨林编著@FAn Yu Ying, Yang Lin Bian Zhu@g安康,杨林插图
210    @a北京@c中国轻工业出版社@d2005
215    @a160页@c图@d26cm
225 2  @a现代服装基础理论、技术丛书
330    @a本书介绍了民间服饰的款式、特点、民间服饰与其他民间艺术、民间服饰和穿戴习俗、制作工艺、民间传说、民间图案等。
410  0 @12001 @a现代服装基础理论、技术丛书
510 1  @aChina Costume Folk Art@zeng
606 0  @a服饰@x研究@y中国
690    @aTS941.12@v4
701  0 @a安毓英@AAn Yu Ying@f(1933~)@4编著
701  0 @a杨林@AYang Lin@4编著
702  0 @a安康@AAn Kang@4插图
801  0 @aCN@b中图数据@c20061216
905    @a10447@dTS941.12@e43
    
    中国民间服饰艺术/安毓英,杨林编著/安康,杨林插图.-北京:中国轻工业出版社,2005
    160页:图;26cm.-(现代服装基础理论、技术丛书)
    
    
    ISBN 7-5019-4632-9:CNY32.00
    本书介绍了民间服饰的款式、特点、民间服饰与其他民间艺术、民间服饰和穿戴习俗、制作工艺、民间传说、民间图案等。
●
相关链接 在E读中查询图书 在五车中查询图书 在当当中查询图书 在豆瓣中查询图书


正题名:中国民间服饰艺术     索取号:TS941.12/43         预约/预借

序号 登录号 条形码 馆藏地/架位号 状态 备注
1 0619765   206197658   第二样本阅览室/ [索取号:TS941.12/43] 在馆    
2 0619766   206197667   第三借阅区/ [索取号:TS941.12/43] 在馆    
3 0619767   206197676   第三借阅区/ [索取号:TS941.12/43] 在馆    
4 0619768   206197685   第三借阅区/ [索取号:TS941.12/43] 在馆    
5 0619769   206197694   第三借阅区/ [索取号:TS941.12/43] 在馆    
唐山师范学院图书馆 欢迎您!
大连网信软件有限公司© 版权所有